Fából készült Vajda Attila aranylapátja

Elmentve itt :
Bibliográfiai részletek
Szerzők: Bobkó Anna
Vajda Attila
Dokumentumtípus: Cikk
Megjelent: 2008-09-17
Sorozat:Délmagyarország 98 No. 218
Kulcsszavak:Vajda Attila 1983-, Buresch Zoltán, Szeged, Sport kajak-kenu, Démász Szeged Vízisport Egyesület
Online Access:http://dmarchiv.bibl.u-szeged.hu/140657
LEADER 00579nab a2200169 i 4500
001 delm140657
005 20200103125512.0
008 200103s2008 hu o 0|| hun d
040 |a SZTE Délmagyarország Archívum  |b hun 
041 |a hun 
100 1 |a Bobkó Anna 
245 1 0 |a Fából készült Vajda Attila aranylapátja  |h [elektronikus dokumentum] /  |c  Bobkó Anna 
260 |c 2008-09-17 
300 |a 6 
490 0 |a Délmagyarország  |v 98 No. 218 
695 |a Vajda Attila 1983-, Buresch Zoltán, Szeged, Sport kajak-kenu, Démász Szeged Vízisport Egyesület 
700 0 1 |a Vajda Attila  |e aut